[Event "NACHOD NIKI OPEN 2008"]
[Site "Nachod"]
[Date "2008.??.??"]
[Round "1.1"]
[White "Gruss, Horst"]
[Black "Sergeev, Vladimir"]
[Result "0-1"]
[WhiteElo "2032"]
[BlackElo "2505"]
[PlyCount "68"]
[EventDate "2008.06.28"]

1. e4 Nf6 2. e5 Nd5 3. c4 Nb6 4. d4 d6 5. f4 g6 6. Nc3 Bg7 7. Be3 Be6 8. Nf3
O-O 9. b3 c5 10. dxc5 N6d7 11. cxd6 exd6 12. Qxd6 Nxe5 13. Qxd8 Nxf3+ 14. gxf3
Rxd8 15. Rc1 Nc6 16. Nd5 Bxd5 17. cxd5 Nb4 18. Bc4 Nxa2 19. Rd1 Nc3 20. Rd2 b5
21. Be2 Nxd5 22. Kf2 Nc3 23. Rxd8+ Rxd8 24. Bxa7 Ra8 25. Bc5 Ra2 26. Re1 Bf6
27. Kf1 Bh4 28. Bf2 Bxf2 29. Kxf2 b4 30. f5 Kg7 31. fxg6 hxg6 32. h3 Kf6 33.
Ke3 Nxe2 34. Rxe2 Ra3 0-1

[Event "NACHOD NIKI OPEN 2008"]
[Site "Nachod"]
[Date "2008.??.??"]
[Round "1.2"]
[White "Velicka, Petr"]
[Black "Tejkal, Jiri"]
[Result "1-0"]
[WhiteElo "2496"]
[BlackElo "2027"]
[PlyCount "77"]
[EventDate "2008.06.28"]

1. e4 c5 2. Nf3 Nc6 3. Bb5 g6 4. Bxc6 dxc6 5. d3 Bg7 6. h3 e5 7. Be3 b6 8. Qd2
Qe7 9. Nc3 h5 10. O-O-O Bd7 11. Ne2 O-O-O 12. Qc3 Kb7 13. Kb1 f6 14. Nd2 Nh6
15. Nc4 Nf7 16. f4 Rde8 17. Rdf1 Rhf8 18. Rf2 Nd6 19. Nxd6+ Qxd6 20. Rhf1 Qe7
21. fxe5 fxe5 22. Qd2 Rxf2 23. Rxf2 Rf8 24. Bg5 Qe8 25. Ng1 Rxf2 26. Qxf2 Qe6
27. b3 a5 28. a4 Be8 29. Nf3 Bf7 30. Bc1 Qe7 31. Bb2 Bg8 32. Qg3 c4 33. dxc4
Qd7 34. Qxg6 b5 35. axb5 cxb5 36. cxb5 Qc7 37. Qa6+ Kb8 38. b6 Qb7 39. Qxa5 1-0

[Event "NACHOD NIKI OPEN 2008"]
[Site "Nachod"]
[Date "2008.??.??"]
[Round "1.3"]
[White "Gurel, Ahmet Unal"]
[Black "Volosin, Leonid"]
[Result "0-1"]
[WhiteElo "2020"]
[BlackElo "2434"]
[PlyCount "61"]
[EventDate "2008.06.28"]

1. e4 d6 2. d4 Nf6 3. Nc3 e5 4. Nf3 Nbd7 5. Bc4 Be7 6. O-O O-O 7. Re1 c6 8. a4
b6 9. d5 cxd5 10. Nxd5 Nxd5 11. Bxd5 Rb8 12. Be3 Nf6 13. Qd3 Nxd5 14. Qxd5 Qc7
15. Qd3 Kh8 16. Rad1 f5 17. Bg5 fxe4 18. Qxe4 Bb7 19. Qb4 Rxf3 20. Bxe7 Qxe7
21. gxf3 Bxf3 22. h4 Qe6 23. Kh2 Bxd1 24. Rxd1 d5 25. Qb3 Rd8 26. Qg3 h6 27.
Rg1 Qf6 28. Rg2 Rc8 29. f3 Rc4 30. Kh3 Rxa4 31. Re2 0-1

[Event "NACHOD NIKI OPEN 2008"]
[Site "Nachod"]
[Date "2008.??.??"]
[Round "1.4"]
[White "Spirin, Oleg"]
[Black "Cerovsky, Marek"]
[Result "1-0"]
[WhiteElo "2430"]
[BlackElo "2017"]
[PlyCount "69"]
[EventDate "2008.06.28"]

1. d4 Nf6 2. c4 c5 3. d5 d6 4. Nc3 g6 5. g3 Bg7 6. Bg2 O-O 7. Nf3 Na6 8. O-O
Nc7 9. a4 b6 10. Re1 Bd7 11. e4 a6 12. e5 Nfe8 13. Bf4 b5 14. Ne4 bxc4 15. exd6
exd6 16. Nxd6 Nxd6 17. Bxd6 Bxb2 18. Bxf8 Qxf8 19. Ne5 Rd8 20. Nxc4 Bxa1 21.
Qxa1 Qg7 22. Ne5 Bf5 23. Qc1 Qf8 24. Nc6 Re8 25. Rxe8 Qxe8 26. h4 Be4 27. Qxc5
Bxg2 28. Kxg2 Qe4+ 29. Kh2 Nxd5 30. Qxd5 Qxa4 31. Ne5 Qe8 32. Nd7 Qe7 33. Qd4
h5 34. Nf6+ Kf8 35. Nd5 1-0

[Event "NACHOD NIKI OPEN 2008"]
[Site "Nachod"]
[Date "2008.??.??"]
[Round "1.5"]
[White "Jancarik, Joel"]
[Black "Jirka, Jiri"]
[Result "0-1"]
[WhiteElo "2004"]
[BlackElo "2400"]
[PlyCount "76"]
[EventDate "2008.06.28"]

1. e4 e5 2. Nf3 Nc6 3. Bb5 Nd4 4. Bc4 c6 5. c3 Nxf3+ 6. Qxf3 Nf6 7. d4 d5 8.
exd5 e4 9. Qe2 cxd5 10. Bb3 Be7 11. Bg5 O-O 12. Bxf6 Bxf6 13. Qb5 Be6 14. Qxb7
Bxd4 15. cxd4 Qa5+ 16. Nc3 Rab8 17. Qxb8 Rxb8 18. O-O Qd8 19. h3 Qg5 20. Kh1
Qd2 21. Rac1 Kh8 22. Rfd1 Qxf2 23. Rc2 Qf5 24. Kg1 Qg5 25. Rf2 Kg8 26. Kh2 h6
27. Rdf1 Rd8 28. Rf4 Qe7 29. Kh1 g5 30. R4f2 Kg7 31. Nd1 f5 32. g3 f4 33. gxf4
Bxh3 34. Rg1 e3 35. Re2 Qe4+ 36. Kh2 Qxf4+ 37. Kxh3 Qf3+ 38. Rg3 Qh5+ 0-1

[Event "NACHOD NIKI OPEN 2008"]
[Site "Nachod"]
[Date "2008.??.??"]
[Round "1.6"]
[White "Kulhanek, Tomas"]
[Black "Kovar, Petr"]
[Result "1-0"]
[WhiteElo "2399"]
[BlackElo "2000"]
[PlyCount "51"]
[EventDate "2008.06.28"]

1. e4 c5 2. Nc3 Nc6 3. Bb5 g6 4. Bxc6 dxc6 5. d3 Bg7 6. Be3 b6 7. Qd2 Ba6 8.
Nge2 Qd6 9. a4 Rd8 10. a5 b5 11. f4 e5 12. O-O Nf6 13. fxe5 Qxe5 14. Bf4 Qe6
15. Bh6 O-O 16. Bxg7 Kxg7 17. Qg5 Rfe8 18. Qxc5 Re7 19. Ng3 Bc8 20. d4 a6 21.
Rad1 h6 22. Rd3 Nd7 23. Qb4 Nb8 24. e5 Nd7 25. Nce4 Qd5 26. Qxe7 1-0

[Event "NACHOD NIKI OPEN 2008"]
[Site "Nachod"]
[Date "2008.??.??"]
[Round "1.7"]
[White "Kraus, Tomas"]
[Black "Cerveny, Petr"]
[Result "0-1"]
[WhiteElo "1988"]
[BlackElo "2375"]
[PlyCount "66"]
[EventDate "2008.06.28"]

1. e4 c5 2. Nf3 e6 3. d4 cxd4 4. Nxd4 Nf6 5. Nc3 d6 6. Be3 a6 7. a4 b6 8. Bd3
Bb7 9. O-O Nbd7 10. f4 Qc7 11. a5 b5 12. Kh1 Be7 13. Qe2 h5 14. Bg1 h4 15. h3
Nc5 16. Bh2 b4 17. Na4 Nfxe4 18. Nxc5 Nxc5 19. Rae1 Bf6 20. Nf3 Nxd3 21. cxd3
Qxa5 22. f5 e5 23. d4 O-O 24. dxe5 dxe5 25. Nxe5 Rfe8 26. Qe3 Re7 27. Qf4 Rae8
28. Nf3 Bxf3 29. Rxe7 Bxg2+ 30. Kxg2 Qd5+ 31. Qe4 Qxe4+ 32. Rxe4 Rxe4 33. Ra1
Re2+ 0-1

[Event "NACHOD NIKI OPEN 2008"]
[Site "Nachod"]
[Date "2008.??.??"]
[Round "1.8"]
[White "Porat, Ido"]
[Black "Kriz, Daniel"]
[Result "1-0"]
[WhiteElo "2360"]
[BlackElo "1988"]
[PlyCount "57"]
[EventDate "2008.06.28"]

1. d4 Nf6 2. c4 g6 3. Nc3 Bg7 4. e4 O-O 5. Nf3 d6 6. Be2 Nc6 7. O-O e5 8. d5
Ne7 9. b4 Ne8 10. c5 f5 11. a4 Nf6 12. Nd2 dxc5 13. bxc5 fxe4 14. d6 cxd6 15.
cxd6 Qxd6 16. Ba3 Qc7 17. Rc1 Nc6 18. Bxf8 Bxf8 19. Ndxe4 Nxe4 20. Nxe4 Be6 21.
Ng5 Bf7 22. Nxf7 Kxf7 23. Bb5 Rc8 24. Qd5+ Kg7 25. Rfe1 Ba3 26. Rc2 Bb4 27.
Rec1 Ba3 28. Rxc6 bxc6 29. Rxc6 1-0

[Event "NACHOD NIKI OPEN 2008"]
[Site "Nachod"]
[Date "2008.??.??"]
[Round "1.9"]
[White "Hajek, Jiri"]
[Black "Sorm, Daniel"]
[Result "0-1"]
[WhiteElo "1980"]
[BlackElo "2320"]
[PlyCount "64"]
[EventDate "2008.06.28"]

1. e4 c5 2. Nf3 Nc6 3. d4 cxd4 4. Nxd4 Nf6 5. Nc3 d6 6. Be2 g6 7. Be3 Bg7 8.
O-O O-O 9. Qd2 Bd7 10. Rad1 Rc8 11. h3 a6 12. f4 b5 13. Bf3 Qc7 14. Nce2 Na5
15. b3 e5 16. Nxb5 Bxb5 17. c4 Bc6 18. Ng3 Nb7 19. fxe5 dxe5 20. Qf2 Qe7 21.
Bg5 h6 22. Be3 Nd6 23. Bc5 Rfd8 24. Rd2 Qe6 25. Rfd1 Bf8 26. Bb6 Re8 27. Qe3
Ndxe4 28. Nxe4 Bxe4 29. Bxe4 Nxe4 30. Rd5 Nc3 31. Qxc3 Qxb6+ 32. Kh1 e4 0-1

[Event "NACHOD NIKI OPEN 2008"]
[Site "Nachod"]
[Date "2008.??.??"]
[Round "1.10"]
[White "Karlik, Vladimir"]
[Black "Nyvlt, Otto"]
[Result "1-0"]
[WhiteElo "2317"]
[BlackElo "1978"]
[PlyCount "23"]
[EventDate "2008.06.28"]

1. d4 Nf6 2. Nf3 e6 3. Bg5 Be7 4. Nbd2 d5 5. e3 O-O 6. Bd3 b6 7. Ne5 Bb7 8. Qf3
Nbd7 9. c3 c5 10. O-O Qc7 11. Qh3 Rae8 12. Nxd7 1-0

[Event "NACHOD NIKI OPEN 2008"]
[Site "Nachod"]
[Date "2008.??.??"]
[Round "1.11"]
[White "Hubacek, Ondrej"]
[Black "Cerveny, Martin"]
[Result "0-1"]
[WhiteElo "1970"]
[BlackElo "2305"]
[PlyCount "60"]
[EventDate "2008.06.28"]

1. e4 c5 2. Nc3 Nc6 3. f4 g6 4. Bc4 d6 5. Nf3 Bg7 6. d3 e6 7. f5 gxf5 8. exf5
d5 9. Bb3 Nge7 10. fxe6 fxe6 11. O-O O-O 12. Bg5 h6 13. Bxe7 Qxe7 14. Qe2 Bd7
15. Rae1 Rae8 16. Nd1 Qd6 17. c3 b5 18. Ne3 a5 19. a3 a4 20. Ba2 b4 21. axb4
cxb4 22. d4 b3 23. Bb1 e5 24. dxe5 Nxe5 25. Nxe5 Qxe5 26. Bd3 Rxf1+ 27. Nxf1
Qxe2 28. Rxe2 Rxe2 29. Bxe2 Bxc3 30. bxc3 a3 0-1

[Event "NACHOD NIKI OPEN 2008"]
[Site "Nachod"]
[Date "2008.??.??"]
[Round "1.12"]
[White "Urbanec, Ladislav"]
[Black "Henrik, Albert Preiser"]
[Result "1-0"]
[WhiteElo "2296"]
[BlackElo "1968"]
[PlyCount "59"]
[EventDate "2008.06.28"]

1. e4 e6 2. d4 d5 3. Nd2 dxe4 4. Nxe4 Nd7 5. g3 Be7 6. Bg2 Ngf6 7. Ne2 O-O 8.
O-O Nxe4 9. Bxe4 Nf6 10. Bg2 c6 11. c4 Qc7 12. Qc2 b6 13. Bf4 Bd6 14. Bg5 Be7
15. Rac1 Bb7 16. Bf4 Bd6 17. Bxd6 Qxd6 18. c5 Qc7 19. Nc3 bxc5 20. dxc5 Rfd8
21. Rfd1 Rxd1+ 22. Rxd1 Rd8 23. b4 Nd5 24. Nxd5 exd5 25. a4 Ba6 26. Re1 d4 27.
Qe4 Qd7 28. Bh3 f5 29. Bxf5 Qc7 30. Bxh7+ 1-0

[Event "NACHOD NIKI OPEN 2008"]
[Site "Nachod"]
[Date "2008.??.??"]
[Round "1.13"]
[White "Schnepel, Thomas"]
[Black "Bauma, Jiri"]
[Result "0-1"]
[WhiteElo "1966"]
[BlackElo "2278"]
[PlyCount "64"]
[EventDate "2008.06.28"]

1. e4 c5 2. Nf3 Nc6 3. d4 cxd4 4. Nxd4 Nf6 5. Nc3 e5 6. Ndb5 d6 7. Bg5 a6 8.
Na3 Be6 9. Bxf6 gxf6 10. Bc4 Ne7 11. Qh5 Ng6 12. Bxe6 fxe6 13. f4 exf4 14.
O-O-O Rc8 15. Qg4 Kf7 16. h4 h5 17. Qe2 b5 18. Nab1 Bh6 19. Nd2 b4 20. Na4 Qa5
21. b3 f3 22. Qxf3 Rc3 23. Nxc3 bxc3 24. Kb1 cxd2 25. e5 Qxe5 26. Qb7+ Ne7 27.
Qxa6 Nd5 28. Qb7+ Kg6 29. Rh3 Qe1 30. Kb2 Qxd1 31. Rg3+ Kf5 32. Rf3+ Qxf3 0-1

[Event "NACHOD NIKI OPEN 2008"]
[Site "Nachod"]
[Date "2008.??.??"]
[Round "1.14"]
[White "Jirasek, Pavel"]
[Black "Tejnsky, Bretislav"]
[Result "1-0"]
[WhiteElo "2277"]
[BlackElo "1963"]
[PlyCount "37"]
[EventDate "2008.06.28"]

1. e4 e6 2. d4 c5 3. c3 Qc7 4. Nf3 a6 5. Bd3 Nc6 6. Nbd2 b5 7. O-O c4 8. Bc2 g6
9. d5 Nd8 10. a4 Bb7 11. axb5 axb5 12. Rxa8 Bxa8 13. Nd4 Qb6 14. b3 exd5 15.
exd5 Bxd5 16. Qe2+ Ne6 17. Qe5 Qb7 18. Qxh8 Bxg2 19. Nxe6 1-0

[Event "NACHOD NIKI OPEN 2008"]
[Site "Nachod"]
[Date "2008.??.??"]
[Round "1.15"]
[White "Srejber, Michal"]
[Black "Kopta, Pavel"]
[Result "1/2-1/2"]
[WhiteElo "1959"]
[BlackElo "2276"]
[PlyCount "70"]
[EventDate "2008.06.28"]

1. Nf3 Nf6 2. c4 e6 3. g3 c5 4. Bg2 Be7 5. b3 O-O 6. Bb2 Nc6 7. O-O d6 8. d3
Rb8 9. Nc3 a6 10. Nd2 Qc7 11. Nce4 Nxe4 12. Nxe4 f5 13. Nd2 b5 14. Rc1 Bb7 15.
Bh3 Bf6 16. Bxf6 Rxf6 17. e4 Nd4 18. f4 bxc4 19. bxc4 fxe4 20. dxe4 Bc6 21. Rb1
Rff8 22. Rxb8 Rxb8 23. Nf3 Nxf3+ 24. Qxf3 Qf7 25. Qd3 d5 26. exd5 exd5 27. Re1
Re8 28. Rxe8+ Qxe8 29. cxd5 Qe1+ 30. Bf1 Bb5 31. Qf3 Qa1 32. Qf2 Bxf1 33. Qxf1
Qd4+ 34. Qf2 Qxd5 35. Qe2 Qc6 1/2-1/2

[Event "NACHOD NIKI OPEN 2008"]
[Site "Nachod"]
[Date "2008.??.??"]
[Round "1.16"]
[White "Kizilkaya, Mehmet"]
[Black "Kuru, Martin"]
[Result "1-0"]
[WhiteElo "2235"]
[BlackElo "1941"]
[PlyCount "40"]
[EventDate "2008.06.28"]

1. e4 c6 2. d4 d5 3. e5 Bf5 4. Nf3 e6 5. Be2 c5 6. c4 dxc4 7. O-O Nc6 8. Be3
cxd4 9. Nxd4 Nxd4 10. Bxd4 Ne7 11. Bxc4 Nc6 12. Bb5 Be7 13. Qa4 O-O 14. Bxc6
bxc6 15. Rd1 Qc7 16. Nd2 c5 17. Bc3 Qb7 18. Nc4 Rfd8 19. f3 Rxd1+ 20. Rxd1 Rd8
1-0

[Event "NACHOD NIKI OPEN 2008"]
[Site "Nachod"]
[Date "2008.??.??"]
[Round "1.17"]
[White "Kracik, Tomas"]
[Black "Munk, Petr"]
[Result "1/2-1/2"]
[WhiteElo "1932"]
[BlackElo "2221"]
[PlyCount "76"]
[EventDate "2008.06.28"]

1. e4 c5 2. Nf3 Nc6 3. Bb5 e6 4. Bxc6 bxc6 5. O-O d5 6. d3 Bd6 7. Qe2 Ne7 8. c4
O-O 9. e5 Bc7 10. Be3 d4 11. Bf4 Ng6 12. Bg3 f5 13. exf6 gxf6 14. Nbd2 e5 15.
h3 Qe7 16. Rae1 Ba5 17. Rd1 Bd7 18. Nb3 Bc7 19. Nfd2 Rae8 20. Rde1 f5 21. f4
Qg7 22. Qf2 exf4 23. Bh2 Bd6 24. Rxe8 Rxe8 25. Re1 Re3 26. Nc1 Qh6 27. Ndb3 Qg7
28. Nd2 Be7 29. Nf3 Bd8 30. Kf1 Ba5 31. Re2 Qe7 32. Nb3 Bd8 33. Qe1 Qd6 34.
Rxe3 dxe3 35. Qxe3 Bf6 36. Nxc5 Bxb2 37. Nxd7 Qxd7 38. Qe2 Bf6 1/2-1/2

[Event "NACHOD NIKI OPEN 2008"]
[Site "Nachod"]
[Date "2008.??.??"]
[Round "1.18"]
[White "Cechura, Petr"]
[Black "Zizka, Jan"]
[Result "1-0"]
[WhiteElo "2182"]
[BlackElo "1907"]
[PlyCount "30"]
[EventDate "2008.06.28"]

1. e4 e5 2. Nf3 Nc6 3. d4 exd4 4. c3 d5 5. exd5 Qxd5 6. cxd4 Bg4 7. Be2 Nf6 8.
Nc3 Bb4 9. O-O Qa5 10. h3 Bh5 11. Be3 Nd5 12. Nxd5 Qxd5 13. Qa4 O-O 14. Rac1
Bd6 15. Rfe1 f5 1-0

[Event "NACHOD NIKI OPEN 2008"]
[Site "Nachod"]
[Date "2008.??.??"]
[Round "1.19"]
[White "Mares, Ilja"]
[Black "Siktanc, Petr"]
[Result "1/2-1/2"]
[WhiteElo "1904"]
[BlackElo "2182"]
[PlyCount "93"]
[EventDate "2008.06.28"]

1. Nf3 e6 2. c4 f5 3. Nc3 Nf6 4. d4 Bb4 5. Bd2 O-O 6. e3 b6 7. Bd3 Bb7 8. O-O
Bxc3 9. Bxc3 Qe7 10. Qe2 c5 11. Rfd1 d6 12. Rac1 Nbd7 13. d5 exd5 14. Bxf5 d4
15. Bd2 g6 16. Bd3 Rae8 17. Re1 Qg7 18. Qd1 Ng4 19. exd4 cxd4 20. Rxe8 Rxe8 21.
h3 Nge5 22. Nxe5 dxe5 23. f3 Nc5 24. Bf1 a5 25. b4 axb4 26. Bxb4 e4 27. fxe4
Rxe4 28. a4 Qe5 29. Rb1 d3 30. Qd2 Qf6 31. Qf2 Qxf2+ 32. Kxf2 Rxc4 33. Bxc5
Rc2+ 34. Ke1 Rxc5 35. Rxb6 Be4 36. Rb4 Rc1+ 37. Kd2 Rc2+ 38. Ke3 d2 39. Be2
Bxg2 40. h4 Kg7 41. Bd1 Ra2 42. Rd4 Bc6 43. Rxd2 Ra1 44. Rd4 Kf7 45. Kf4 h6 46.
Bc2 Rf1+ 47. Ke5 1/2-1/2

[Event "NACHOD NIKI OPEN 2008"]
[Site "Nachod"]
[Date "2008.??.??"]
[Round "1.20"]
[White "Herejk, Petr"]
[Black "Kansky, Josef"]
[Result "1-0"]
[WhiteElo "2177"]
[BlackElo "1874"]
[PlyCount "69"]
[EventDate "2008.06.28"]

1. e4 c6 2. d4 d5 3. Nc3 dxe4 4. Nxe4 Nd7 5. Bc4 Ngf6 6. Ng5 e6 7. Qe2 Qe7 8.
Bd2 h6 9. N5f3 Nb6 10. Bb3 Qc7 11. Ne5 Bd6 12. Ngf3 Qe7 13. O-O Bxe5 14. Nxe5
Bd7 15. a4 a5 16. Qe1 Nbd5 17. Bxa5 b6 18. Bd2 Qd8 19. c4 Ne7 20. Bc3 O-O 21.
Qe2 Qc7 22. Rfd1 Bc8 23. Bc2 Bb7 24. Ng4 Qf4 25. Nxf6+ Qxf6 26. d5 Qg5 27. Qe4
Qf5 28. dxe6 Qxe4 29. Bxe4 Rfd8 30. exf7+ Kxf7 31. b3 Ba6 32. Bd4 Rab8 33. f4
c5 34. Be5 Rbc8 35. f5 1-0

[Event "NACHOD NIKI OPEN 2008"]
[Site "Nachod"]
[Date "2008.??.??"]
[Round "1.22"]
[White "Bylino, Oleg"]
[Black "Dusbaba, Petr"]
[Result "1/2-1/2"]
[WhiteElo "2170"]
[BlackElo "1863"]
[PlyCount "70"]
[EventDate "2008.06.28"]

1. Nf3 Nf6 2. c4 e6 3. Nc3 b6 4. d4 Bb7 5. a3 d5 6. cxd5 Nxd5 7. e3 Qf6 8. Qa4+
c6 9. Be2 Bd6 10. Ne4 Qe7 11. Nxd6+ Qxd6 12. O-O Nd7 13. Bd2 a5 14. Rfc1 O-O
15. Qc2 f5 16. Bc4 N7f6 17. Be1 Ne4 18. Nd2 Nef6 19. Nf1 Rac8 20. Qe2 Rce8 21.
f3 Kh8 22. Bg3 f4 23. exf4 Nxf4 24. Qe5 Qxe5 25. dxe5 N6h5 26. Rd1 b5 27. Bb3
c5 28. Rd6 Ne2+ 29. Kf2 Nd4 30. Bd1 Nxg3 31. hxg3 Rd8 32. Rb6 Bd5 33. Ne3 Rb8
34. Rxb8 Rxb8 35. Rc1 c4 1/2-1/2

[Event "NACHOD NIKI OPEN 2008"]
[Site "Nachod"]
[Date "2008.??.??"]
[Round "2.1"]
[White "Sergeev, Vladimir"]
[Black "Porat, Maya"]
[Result "1-0"]
[WhiteElo "2505"]
[BlackElo "2156"]
[PlyCount "61"]
[EventDate "2008.06.28"]

1. c4 Nf6 2. Nc3 c5 3. g3 g6 4. Bg2 Bg7 5. Nh3 O-O 6. Nf4 d6 7. O-O Nc6 8. a3
Bd7 9. Rb1 Qa5 10. d3 Rab8 11. Bd2 a6 12. b4 cxb4 13. axb4 Qd8 14. b5 Nd4 15.
e3 Ne6 16. bxa6 bxa6 17. Nfd5 Nxd5 18. Nxd5 Re8 19. Qc2 Nc5 20. Rxb8 Qxb8 21.
Rb1 Qc8 22. Nb6 Qc7 23. d4 Ne6 24. Nd5 Qc8 25. Rb7 Qxb7 26. Nxe7+ Rxe7 27. Bxb7
Ng5 28. Bd5 Bf5 29. Qb2 Re8 30. h4 Ne4 31. Qb7 1-0

[Event "NACHOD NIKI OPEN 2008"]
[Site "Nachod"]
[Date "2008.??.??"]
[Round "2.2"]
[White "Pertlova, Sona"]
[Black "Velicka, Petr"]
[Result "0-1"]
[WhiteElo "2159"]
[BlackElo "2496"]
[PlyCount "124"]
[EventDate "2008.06.28"]

1. d4 d5 2. Nf3 c5 3. c4 dxc4 4. d5 Nf6 5. Nc3 Bf5 6. Qa4+ Nbd7 7. Nh4 Be4 8.
Qxc4 Nb6 9. Qb5+ Qd7 10. Qxd7+ Nbxd7 11. Nxe4 Nxe4 12. f3 Nd6 13. Bd2 Nc4 14.
Bc3 Ne3 15. Kf2 Nxd5 16. Bd2 e6 17. e4 N5f6 18. g3 Bd6 19. Ng2 Be5 20. Ne3 Nb6
21. Rc1 Bxb2 22. Rxc5 O-O 23. Rc2 Bd4 24. Be2 Rfc8 25. Rhc1 Rxc2 26. Rxc2 Rc8
27. Rxc8+ Nxc8 28. Bd3 Nd7 29. Ke2 Ne5 30. Bc2 Nb6 31. f4 Nc6 32. Bd3 Kf8 33.
Nc4 Ke7 34. Na5 Nxa5 35. Bb4+ Ke8 36. Bxa5 Nd7 37. Bb4 Nb8 38. h3 Nc6 39. Ba3
g6 40. Bb5 Kd7 41. g4 a6 42. Bd3 b5 43. e5 Kc7 44. Kf3 Kb6 45. Ke4 Bc5 46. Bb2
Ne7 47. Bc2 Ka5 48. Bc3+ Bb4 49. Bd4 Ba3 50. Bc3+ Kb6 51. Bd4+ Kc6 52. Bb3 a5
53. Bf2 a4 54. Bc2 Bc5 55. Be1 Nd5 56. Bb1 Bb4 57. Bxb4 Nxb4 58. Kd4 Kb6 59. f5
Nc6+ 60. Ke4 g5 61. h4 h6 62. hxg5 hxg5 0-1

[Event "NACHOD NIKI OPEN 2008"]
[Site "Nachod"]
[Date "2008.??.??"]
[Round "2.3"]
[White "Volosin, Leonid"]
[Black "Necada, Martin"]
[Result "1-0"]
[WhiteElo "2434"]
[BlackElo "2142"]
[PlyCount "117"]
[EventDate "2008.06.28"]

1. e4 d6 2. d4 Nf6 3. Nc3 g6 4. Bg5 c6 5. Qd2 b5 6. f3 Bg7 7. Nge2 Nbd7 8. Bh6
Bxh6 9. Qxh6 Qa5 10. Qd2 Bb7 11. a3 O-O-O 12. b4 Qb6 13. a4 e5 14. axb5 cxb5
15. d5 Kb8 16. Nc1 a6 17. Nb3 Rc8 18. Nd1 Nh5 19. Ne3 f5 20. exf5 gxf5 21. Nxf5
Nhf6 22. Na5 e4 23. Ne7 Rce8 24. Nec6+ Bxc6 25. Nxc6+ Kb7 26. O-O-O e3 27. Qd3
Ne5 28. Qd4 Qxd4 29. Nxd4 Nxd5 30. Nxb5 axb5 31. Rxd5 Kc6 32. Rd4 Ra8 33. Kb2
Ra4 34. Be2 Rha8 35. Rb1 Nc4+ 36. Kc1 Nd2 37. Rxd2 exd2+ 38. Kxd2 Ra1 39. Rb3
R1a3 40. Rxa3 Rxa3 41. Bd3 h6 42. h4 Ra1 43. g4 Rg1 44. Ke3 Rb1 45. c3 Rg1 46.
h5 d5 47. Be2 Rc1 48. Kd4 Rc2 49. Kd3 Rc1 50. f4 Rg1 51. Ke3 Kd6 52. g5 hxg5
53. Kf2 Rh1 54. fxg5 Ke5 55. Bf3 Rc1 56. h6 Rxc3 57. g6 Kf6 58. g7 Rc8 59. Bxd5
1-0

[Event "NACHOD NIKI OPEN 2008"]
[Site "Nachod"]
[Date "2008.??.??"]
[Round "2.4"]
[White "Mojzis, Jan"]
[Black "Spirin, Oleg"]
[Result "0-1"]
[WhiteElo "2146"]
[BlackElo "2430"]
[PlyCount "64"]
[EventDate "2008.06.28"]

1. e4 c5 2. Nf3 d6 3. d4 cxd4 4. Nxd4 Nf6 5. Nc3 a6 6. f3 e6 7. Be3 b5 8. g4 h6
9. Qd2 b4 10. Nce2 e5 11. Nb3 a5 12. c4 Be6 13. Rc1 Nc6 14. Qd3 a4 15. Nd2 Nd7
16. Ng3 g6 17. Bg2 Qc7 18. Qe2 Nc5 19. O-O Bg7 20. Bxc5 dxc5 21. Rfd1 h5 22.
gxh5 Nd4 23. Qf2 Bh6 24. hxg6 fxg6 25. Ndf1 Bxc1 26. Rxc1 Qh7 27. f4 Qh6 28.
Re1 Qxf4 29. Ne3 O-O 30. Rf1 Qxf2+ 31. Rxf2 Rxf2 32. Kxf2 a3 0-1

[Event "NACHOD NIKI OPEN 2008"]
[Site "Nachod"]
[Date "2008.??.??"]
[Round "2.5"]
[White "Jirka, Jiri"]
[Black "Pavlicek, Petr"]
[Result "1-0"]
[WhiteElo "2400"]
[BlackElo "2111"]
[PlyCount "53"]
[EventDate "2008.06.28"]

1. d4 Nf6 2. c4 g6 3. g3 Bg7 4. Bg2 d5 5. cxd5 Nxd5 6. e4 Nb6 7. Ne2 O-O 8. O-O
Nc6 9. d5 Na5 10. Qe1 Nac4 11. Nbc3 Bd7 12. b3 Nd6 13. Bf4 Rc8 14. Rd1 Qe8 15.
Nd4 c5 16. dxc6 bxc6 17. e5 Nb5 18. Ncxb5 cxb5 19. e6 fxe6 20. Nxe6 Bc3 21. Qe2
Rf6 22. Nc7 Qf8 23. Nxb5 Bxb5 24. Qxb5 Rf5 25. Qe2 e5 26. Be3 Rf6 27. Rd3 1-0

[Event "NACHOD NIKI OPEN 2008"]
[Site "Nachod"]
[Date "2008.??.??"]
[Round "2.6"]
[White "Velecky, Viktor"]
[Black "Kulhanek, Tomas"]
[Result "0-1"]
[WhiteElo "2084"]
[BlackElo "2399"]
[PlyCount "76"]
[EventDate "2008.06.28"]

1. d4 Nf6 2. Nf3 e6 3. g3 b5 4. Bg2 d5 5. Ne5 Be7 6. O-O Bb7 7. f4 O-O 8. f5
exf5 9. Rxf5 c5 10. c3 Nbd7 11. Nd3 cxd4 12. cxd4 Qb6 13. e3 b4 14. Nd2 Rfe8
15. Qf3 g6 16. Rf4 Qe6 17. Nb3 Nh5 18. Bd2 a5 19. Rf1 Qa6 20. Ne5 Nxe5 21. dxe5
Nxf4 22. exf4 a4 23. Nd4 Bc5 24. Be3 Rac8 25. Bh3 f5 26. g4 Qd3 27. Rd1 Qe4 28.
Qf2 Bxd4 29. Rxd4 Qb1+ 30. Kg2 Rc2 31. Bd2 Rxb2 32. gxf5 b3 33. axb3 a3 34.
fxg6 Qxg6+ 35. Kf3 a2 36. f5 Qh5+ 37. Rg4+ Kh8 38. Qd4 Rxd2 0-1

[Event "NACHOD NIKI OPEN 2008"]
[Site "Nachod"]
[Date "2008.??.??"]
[Round "2.7"]
[White "Cerveny, Petr"]
[Black "Sykora, Petr"]
[Result "1-0"]
[WhiteElo "2375"]
[BlackElo "2070"]
[PlyCount "47"]
[EventDate "2008.06.28"]

1. e4 d6 2. d4 Nf6 3. Nc3 g6 4. f4 Bg7 5. Nf3 O-O 6. a3 Bg4 7. Be2 Nbd7 8. h3
Bxf3 9. Bxf3 e5 10. Be3 Qe7 11. O-O c6 12. Qd2 Nb6 13. b3 Rad8 14. Rae1 Ne8 15.
Qf2 Nc7 16. dxe5 dxe5 17. Bc5 Qe8 18. f5 Nd7 19. Bd6 Na6 20. Be2 Ndb8 21. Bxf8
Bxf8 22. b4 Rd2 23. fxg6 hxg6 24. Qe3 1-0

[Event "NACHOD NIKI OPEN 2008"]
[Site "Nachod"]
[Date "2008.??.??"]
[Round "2.8"]
[White "Puskar, Jan"]
[Black "Porat, Ido"]
[Result "0-1"]
[WhiteElo "2080"]
[BlackElo "2360"]
[PlyCount "46"]
[EventDate "2008.06.28"]

1. e4 c5 2. Nf3 d6 3. Bb5+ Bd7 4. Bxd7+ Qxd7 5. O-O Nf6 6. Nc3 Nc6 7. d4 cxd4
8. Nxd4 g6 9. f3 Bg7 10. Be3 O-O 11. Qd2 Rac8 12. Rac1 Nxd4 13. Bxd4 Rc4 14.
Bxa7 b6 15. Bxb6 Qb7 16. Be3 Qxb2 17. Nd5 Nxd5 18. Qxd5 Rfc8 19. Rf2 Qxa2 20.
Qd1 Rc3 21. Re2 Rxe3 22. Rxe3 Qa7 23. Qd3 Rc3 0-1

[Event "NACHOD NIKI OPEN 2008"]
[Site "Nachod"]
[Date "2008.??.??"]
[Round "2.9"]
[White "Sorm, Daniel"]
[Black "Gerych, Jan"]
[Result "1-0"]
[WhiteElo "2320"]
[BlackElo "2062"]
[PlyCount "55"]
[EventDate "2008.06.28"]

1. d4 Nf6 2. c4 e6 3. Nc3 d5 4. cxd5 exd5 5. Bg5 Be7 6. e3 c6 7. Qc2 O-O 8. Bd3
Nbd7 9. Nge2 Re8 10. O-O Nf8 11. f3 Be6 12. e4 dxe4 13. fxe4 Ng4 14. Bd2 Bf6
15. e5 Bg5 16. Ne4 Be3+ 17. Kh1 Qh4 18. h3 Bd5 19. Be1 Qh6 20. N2g3 Bxe4 21.
Bxe4 g6 22. Qe2 Bxd4 23. Qxg4 Bxe5 24. Nf5 Qh5 25. Qxh5 gxh5 26. Nh6+ Kg7 27.
Rxf7+ Kh8 28. Rxb7 1-0

[Event "NACHOD NIKI OPEN 2008"]
[Site "Nachod"]
[Date "2008.??.??"]
[Round "2.10"]
[White "Blahacek, Evzen"]
[Black "Karlik, Vladimir"]
[Result "0-1"]
[WhiteElo "2068"]
[BlackElo "2317"]
[PlyCount "65"]
[EventDate "2008.06.28"]

1. c4 e5 2. Nc3 Nf6 3. Nf3 d6 4. d4 Nbd7 5. e4 g6 6. dxe5 dxe5 7. Be2 Bg7 8.
O-O O-O 9. Qc2 c6 10. Rd1 Re8 11. Be3 Qe7 12. h3 Nh5 13. a3 Nf4 14. Bf1 Qf6 15.
Nh2 h5 16. Rd2 Nf8 17. Rad1 Nh7 18. Kh1 Bf8 19. Na4 Ne6 20. b4 g5 21. Be2 Qg6
22. f3 Nf6 23. g3 g4 24. hxg4 hxg4 25. Nxg4 Nxg4 26. fxg4 Nd4 27. Bxd4 exd4 28.
Rxd4 Bxg4 29. Bxg4 Qxg4 30. Kg2 Qg7 31. e5 Qg5 32. Rd7 Bg7 33. Rg1 0-1